| 000 | 00526nam a2200205Ia 4500 | ||
|---|---|---|---|
| 001 | 30973 | ||
| 008 | 140416s9999 xx 000 0 und d | ||
| 020 | _a0-335-19079-0 | ||
| 040 | _cPK-LaUMT | ||
| 082 |
_a 153.12 _bCOH-M |
||
| 100 | _aCohen, Gillian | ||
| 245 |
_aMomery _bcurrent issues _cCohen, Gillian<>George Kiss<>Martin Le Voi |
||
| 250 | _a2nd | ||
| 260 |
_aBuckingham,UK: _bOpen University Press, _c1993 |
||
| 300 | _a192 p. | ||
| 546 | _aEN | ||
| 700 | _aGeorge Kiss | ||
| 700 | _aMartin Le Voi | ||
| 942 | _cBK | ||
| 999 |
_c31095 _d31095 |
||